Energy politics / (Record no. 14679)

000 -LEADER
fixed length control field 00396nam a22001577i 4500
020 ## - INTERNATIONAL STANDARD BOOK NUMBER
ISBN 0312252013 :
020 ## - INTERNATIONAL STANDARD BOOK NUMBER
ISBN 0312252021 (pbk.) :
040 ## - CATALOGING SOURCE
Transcribing agency DLC
082 ## - DEWEY DECIMAL CLASSIFICATION NUMBER
Classification number 333 MAR 1978 A069 Or.
100 1# - MAIN ENTRY--AUTHOR NAME
Personal name Davis, David Howard.
245 10 - TITLE STATEMENT
Title Energy politics /
250 ## - EDITION STATEMENT
Edition statement 2d ed.
260 ## - PUBLICATION, DISTRIBUTION, ETC. (IMPRINT)
Place of publication New York :
Name of publisher St. Martin's Press,
Year of publication c1978.
300 ## - PHYSICAL DESCRIPTION
Number of Pages vii, 278 p. :
Other physical details diagrs. ;
Dimensions 22 cm.
942 ## - ADDED ENTRY ELEMENTS (KOHA)
Koha item type សៀវភៅភាសាអង់គ្លេស
952 ## - LOCATION AND ITEM INFORMATION (KOHA)
Withdrawn status [LOCAL, KOHA] 0
Holdings
Permanent Location Date acquired Koha item type Lost status Shelving location Barcode Current Location Full call number
Library Block A2017-10-24សៀវភៅភាសាអង់គ្លេស A069A06798Library Block A333 MAR 1978 A069 Or.
មជ្ឈមណ្ឌលឯការនៃសាកលវិទ្យាល័យភូមិន្ទកសិកម្មចំការដូង

Powered by Koha